Fachdeutsch Technik Metall- und Elektroberufe : Lehrerheft /

Uložené v:
Podrobná bibliografia
Hlavný autor: Becker, Norbert (Autor)
Médium: Kniha
Jazyk:German
Vydavateľské údaje: Ismaning : Max Hueber Verlag, 1983
Vydanie:1.Aufl.
Predmet:
Tagy: Pridať tag
Žiadne tagy, Buďte prvý, kto otaguje tento záznam!

MARC

LEADER 00000nam a22000003a 4500
001 stu9010
005 20150617225807.3
008 960508s1983----gw------------------ger-d
020 |a 3-19-011290-8 
040 |a STU  |b slo 
041 0 |a ger 
044 |a gw 
080 |a 803.0(705)  |7 A000000425 
100 1 |a Becker, Norbert  |4 aut 
245 1 |a Fachdeutsch Technik Metall- und Elektroberufe :  |b Lehrerheft /  |c [aut.] Becker,Norbert 
250 |a 1.Aufl. 
260 |a Ismaning :  |b Max Hueber Verlag,  |c 1983 
300 |a 53 s 
650 7 |a nemčina  |2 stusub 
996 |b E80576  |c E*80576  |l EE18  |s P  |a 0  |w stu9010_0001